| 000 -CABECERA |
| Longitud fija campo de control |
00437nam a2200157 a 4500 |
| 001 - NÚMERO DE CONTROL |
| Número de control |
874 |
| 003 - IDENTIFICADOR DEL NÚMERO DE CONTROL |
| Identificador del número de control |
CDMR |
| 005 - FECHA Y HORA DE LA ÚLTIMA TRANSACCIÓN |
| Fecha y hora de la última transacción |
20130116135158.0 |
| 008 - CÓDIGOS DE INFORMACIÓN DE LONGITUD FIJA |
| Códigos de información de longitud fija |
130130s1995||||||||||||||||||||||||||||d |
| 040 ## - FUENTE DE LA CATALOGACIÓN |
| Centro catalogador de origen |
CDMR |
| Lengua de catalogación |
cat |
| Centro transcriptor |
CPC GIRONA |
| 100 1# - PUNTO DE ACCESO PRINCIPAL-NOMBRE DE PERSONA |
| Nombre de persona |
Ramisa, Maties |
| 9 (RLIN) |
682 |
| 245 13 - MENCIÓN DE TÍTULO |
| Título |
El catalans i el domini napoleònic |
| Mención de responsabilidad, etc. |
Ramisa, Maties |
| 260 ## - PUBLICACIÓN, DISTRIBUCIÓN, ETC. (PIE DE IMPRENTA) |
| Fecha de publicación, distribución, etc. |
1995 |
| Nombre del editor, distribuidor, etc. |
Publicacions de l'Abadia de Montserrat |
| 490 0# - MENCIÓN DE SERIE |
| Mención de serie |
Biblioteca Abat Oliba |
| Designación de volumen o secuencia |
158 |
| -- |
683 |
| 942 ## - ENTRADA DE ELEMENTOS AGREGADOS (KOHA) |
| Koha [por defecto] tipo de item |
Monografies |